000 00357nam a2200133Ia 4500
008 221030s9999 xx 000 0 und d
041 _aEnglish
100 _aK. Segall
245 0 _aInsanely Simple : The Obsession That Drives Apple`s Success
_cby K. Segall
260 _bPenguin Group
_aNew York
_c2012
300 _a239
650 _aGeneral
942 _cBK
999 _c16678
_d16678